000 01586nab a22002177a 4500
999 _c5831
_d5831
003 OSt
005 20260107125027.0
008 190514b xxu||||| |||| 00| 0 spa d
040 _cPJ
100 _94481
_aPérez Gallardo, Leonardo B.
245 1 3 _aEl derecho de alimentos a favor de la pareja de hecho afectiva /
_cLeonardo B. Pérez Gallardo.
300 _ap. 156-177
505 _aSumario: I. Unas breves pinceladas históricas: de la equiparación matrimonial al reconocimiento judicial de la unión matrimonial no formalizada, realidades y mitos.— II. Matrimonio y unión de hecho afectiva, dos modos de constituir familia y un mismo efecto: el derecho de alimentos.— III. De la obligación de alimentos a favor del miembro de la pareja en situación de vulnerabilidad.— IV. De los alimentos a favor de los miembros de la pareja de hecho afectiva durante la existencia de esta.— V. Peculiaridades de los alimentos posruptura de la unión afectiva.— VI. Presupuestos para su exigibilidad.— VII. De la instrumentación notarial del pacto sobre alimentos posunión de hecho afectiva y del cauce procesal para su reclamación en sede judicial.— VIII. Causas de cesación.— IX. A modo conclusivo.
505 _tSi te interesa el texto, comunicate a koha@justierradelfuego.gov.ar
650 0 _9967
_aDERECHO DE FAMILIA
650 0 _9968
_aALIMENTOS
650 0 _94099
_aCUOTA ALIMENTARIA
650 0 _91074
_aOBLIGACION ALIMENTARIA
773 0 _02844
_93222
_dBuenos Aires : AbeledoPerrot, 1989-
_tDerecho de familia. N° 118 - Marzo 2025
_z18511201
942 _2udc
_cANA